000 00453nam a2200181Ia 4500
001 24488
005 20260414151047.0
008 260414t2014||||xx |||||||||||||| ||spa||
041 _aESP
082 _a345.7J
_bG312
100 _aGaceta Jurídica
_eAUT
245 0 _aLas nulidades procesales en la jurisprudencia casatoria
_b
260 _c2014
300 _a574 páginas :
_c25 cm.
650 _aDER
654 _aCDE
942 _cLIB
_dJUS
_fJUS
_2ddc
_n
999 _c24488
_d24488